[Event "Gibtelecom Masters 8th"]
[Site "Gibraltar"]
[Date "2010.01.31"]
[Round "6.83"]
[White "Steinskog, Asbjorn Ottesen"]
[Black "Lumsdon, Andrew"]
[Result "1-0"]
[WhiteElo "1884"]
[BlackElo "2090"]
[PlyCount "125"]
[EventDate "2010.01.26"]
[EventType "swiss"]
[EventRounds "10"]
[EventCountry "GGB"]
[SourceDate "2005.02.07"]

1. Nf3 Nf6 2. g3 b6 3. Bg2 Bb7 4. O-O g6 5. d4 Bg7 6. c4 O-O 7. Re1 d6 8. Nc3
Nbd7 9. e4 e5 10. d5 h6 11. h3 Kh7 12. Nh4 Ng8 13. Be3 Bc8 14. b4 a5 15. a3 Qe7
16. Rc1 Nb8 17. c5 bxc5 18. bxc5 f5 19. exf5 gxf5 20. cxd6 cxd6 21. Nb5 Na6 22f4 e4 23. Qh5 Bd7 24. Qg6+ Kh8 25. Qxd6 Qxd6 26. Nxd6 Ne7 27. Nc4 Kh7 28. Red1
Bb5 29. d6 Nc6 30. Nb6 Rad8 31. a4 Be2 32. Rd2 Nab4 33. Rxe2 Rxd6 34. Kh2 Nd4
35. Bxd4 Bxd4 36. Nxf5 Rxf5 37. Bxe4 Bxb6 38. Bxf5+ Kg7 39. Rce1 Bd4 40. h4 Bc3
41. Rc1 Bd2 42. Rd1 Bxf4 43. Rxd6 Bxd6 44. Re6 Bf8 45. Be4 Na2 46. Ra6 Nc3 47Bc2 Ne2 48. Bd3 Nc1 49. Bc4 Bb4 50. Kg2 Be1 51. Rd6 Bb4 52. Rd1 Ba3 53. Rd2 Kf6
54. Rd5 Bb4 55. Kf3 Bc3 56. Ke3 Be1 57. Rd1 Bxg3 58. Rxc1 Bxh4 59. Rb1 Bg5+ 60Ke4 Bd2 61. Be2 Ke6 62. Bg4+ Kf6 63. Rd1 1-0

[Event "Gibtelecom Masters 8th"]
[Site "Gibraltar"]
[Date "2010.01.31"]
[Round "6.84"]
[White "Pienabarca, Nicola"]
[Black "Gonzalez Amaya, Millan"]
[Result "1-0"]
[WhiteElo "2071"]
[BlackElo "1805"]
[PlyCount "131"]
[EventDate "2010.01.26"]
[EventType "swiss"]
[EventRounds "10"]
[EventCountry "GGB"]
[SourceDate "2005.02.07"]

1. d4 Nf6 2. Nf3 g6 3. g3 Bg7 4. Bg2 O-O 5. O-O c6 6. c4 d5 7. b3 Bf5 8. Bb2
Nbd7 9. Nbd2 Rc8 10. Re1 Be4 11. Nxe4 Nxe4 12. Nd2 f5 13. f3 Nec5 14. b4 Ne6
15. e3 Nb6 16. Qb3 dxc4 17. Nxc4 Nxc4 18. Qxc4 Qd5 19. Qxd5 cxd5 20. f4 Nc7 21Rec1 e6 22. Bf1 Rfd8 23. Rc2 Ne8 24. Rac1 Rxc2 25. Rxc2 Bf8 26. b5 Bd6 27. Rc3
Bb8 28. Ba3 Nf6 29. Bd3 Kf7 30. Bc2 Ke8 31. Kg2 Kd7 32. b6 Rg8 33. Ba4+ Kd8 34bxa7 Bxa7 35. Bd6 Ne4 36. Bc7+ Ke7 37. Rb3 b6 38. Bxb6 Bxb6 39. Rxb6 Ra8 40Bb3 h6 41. Rb7+ Kf6 42. Rc7 Rb8 43. Rc2 Ke7 44. Kf3 Kf6 45. Ba4 Rb1 46. Kg2 g5
47. fxg5+ hxg5 48. Bd7 g4 49. Bc8 Re1 50. Rc6 Re2+ 51. Kf1 Rxa2 52. Bxe6 Rxh2
53. Bxd5+ Kg5 54. Bxe4 fxe4 55. Re6 Rh8 56. Re5+ Kf6 57. Rxe4 Rc8 58. Ke2 Kf5
59. Re5+ Kf6 60. Kd3 Kg6 61. e4 Ra8 62. Ke3 Rf8 63. Rf5 Rd8 64. d5 Re8 65. Kf4
Ra8 66. Kxg4 1-0

[Event "Gibtelecom Masters 8th"]
[Site "Gibraltar"]
[Date "2010.01.31"]
[Round "6.85"]
[White "Tari, Aryan"]
[Black "Jameson, David"]
[Result "1-0"]
[WhiteElo "1932"]
[BlackElo "2053"]
[PlyCount "139"]
[EventDate "2010.01.26"]
[EventType "swiss"]
[EventRounds "10"]
[EventCountry "GGB"]
[SourceDate "2005.02.07"]

1. e4 c6 2. d4 d5 3. Nc3 dxe4 4. Nxe4 Bf5 5. Ng3 Bg6 6. h4 h6 7. Nf3 Nd7 8. h5
Bh7 9. Bd3 Bxd3 10. Qxd3 e6 11. Bf4 Qa5+ 12. Bd2 Qc7 13. O-O-O Ngf6 14. c4
O-O-O 15. Qe2 Bd6 16. Ne4 Nxe4 17. Qxe4 Nf6 18. Qe2 Bf4 19. Kb1 Bxd2 20. Rxd2
c5 21. dxc5 Rxd2 22. Qxd2 Qxc5 23. Qd4 Qxd4 24. Nxd4 Rd8 25. Nb3 Ne4 26. Kc2
Rd7 27. f3 Ng3 28. Rh4 f5 29. Nc5 Rd6 30. Nd3 Kc7 31. b3 Kd8 32. Nc5 Kc7 33Nd3 b6 34. Rh3 Ne2 35. Rh4 Ng3 36. Rh3 Ne2 37. Rh4 Rd4 38. Rh1 Kd6 39. Nc1 Ng3
40. Rh3 Nf1 41. Rh1 Ne3+ 42. Kc3 e5 43. Ne2 Nd1+ 44. Kc2 Ne3+ 45. Kc3 Rd1 46Rxd1+ Nxd1+ 47. Kd2 Nf2 48. Ng3 Ke6 49. Ke2 f4 50. Kxf2 fxg3+ 51. Kxg3 Kf5 52Kf2 e4 53. Ke3 exf3 54. gxf3 g6 55. hxg6 Kxg6 56. Kf4 a5 57. a3 Kf6 58. b4 a4
59. Kg4 Ke5 60. Kh5 Kd4 61. Kxh6 Kxc4 62. f4 Kb3 63. f5 Kxa3 64. f6 Kxb4 65. f7
Kb3 66. f8=Q a3 67. Kg5 b5 68. Kf4 b4 69. Qc5 a2 70. Qc1 1-0

[Event "Gibtelecom Masters 8th"]
[Site "Gibraltar"]
[Date "2010.01.31"]
[Round "6.86"]
[White "Fox, Pierre"]
[Black "Schoene, Maria"]
[Result "0-1"]
[WhiteElo "1788"]
[BlackElo "2251"]
[PlyCount "66"]
[EventDate "2010.01.26"]
[EventType "swiss"]
[EventRounds "10"]
[EventCountry "GGB"]
[SourceDate "2005.02.07"]

1. d4 Nf6 2. c4 g6 3. Nc3 Bg7 4. e4 d6 5. Nf3 O-O 6. Be2 e5 7. d5 Nbd7 8. Be3
Ng4 9. Bd2 a5 10. h3 Ngf6 11. Be3 Nc5 12. Nd2 Bd7 13. g4 a4 14. b4 axb3 15axb3 Ne8 16. b4 Na6 17. Qb3 f5 18. gxf5 gxf5 19. f3 Bh6 20. Bf2 Ng7 21. c5 Nxc5
22. Rxa8 Nxb3 23. Rxd8 Bxd2+ 24. Kd1 Rxd8 25. Nb5 Bxb5 26. Bxb5 Bxb4 27. Bh4
Ra8 28. Rh2 Ra1+ 29. Kc2 Nd4+ 30. Kb2 Bc3+ 31. Kxc3 Nxb5+ 32. Kb2 Rf1 33. Rg2
Kf7 0-1

[Event "Gibtelecom Masters 8th"]
[Site "Gibraltar"]
[Date "2010.01.31"]
[Round "6.87"]
[White "Young, Melvyn"]
[Black "Royset, Paal"]
[Result "1-0"]
[WhiteElo "1717"]
[BlackElo "2279"]
[PlyCount "61"]
[EventDate "2010.01.26"]
[EventType "swiss"]
[EventRounds "10"]
[EventCountry "GGB"]
[SourceDate "2005.02.07"]

1. e4 c5 2. Nc3 Nc6 3. f4 e6 4. Nf3 d5 5. Bb5 Nf6 6. Bxc6+ bxc6 7. d3 c4 8dxc4 Bc5 9. exd5 cxd5 10. Na4 Qa5+ 11. c3 Be7 12. b4 Qc7 13. c5 O-O 14. O-O Ne4
15. Nd4 Bd7 16. Nb2 Nxc3 17. Qe1 Ne4 18. Nd3 a5 19. c6 axb4 20. cxd7 Qc4 21Qe3 Rxa2 22. Rxa2 Qxa2 23. Nc6 Bf6 24. Ndxb4 Qa8 25. Ne5 Be7 26. Nbd3 f6 27Nf3 Qc6 28. Bb2 Qxd7 29. Nd2 Qb7 30. Ra1 Qb4 31. Nxb4 1-0

[Event "Gibtelecom Masters 8th"]
[Site "Gibraltar"]
[Date "2010.01.31"]
[Round "6.88"]
[White "Schuetze, Norman"]
[Black "Campbell, Ian"]
[Result "1/2-1/2"]
[WhiteElo "2269"]
[BlackElo "2002"]
[PlyCount "76"]
[EventDate "2010.01.26"]
[EventType "swiss"]
[EventRounds "10"]
[EventCountry "GGB"]
[SourceDate "2005.02.07"]

1. e4 g6 2. d4 Bg7 3. Nc3 d6 4. h3 Nd7 5. Nf3 a6 6. a4 b6 7. Bc4 e6 8. O-O Bb7
9. Re1 Ne7 10. Bf4 h6 11. Qd2 g5 12. Bg3 Ng6 13. Rad1 Qe7 14. Bd5 c6 15. Ba2
Rc8 16. Nb1 O-O 17. a5 Rfd8 18. axb6 Nxb6 19. Qb4 Na8 20. Qa3 Nc7 21. c4 c5 22Nc3 Ne8 23. Na4 cxd4 24. Nxd4 Ne5 25. Nb6 Rb8 26. b4 Bxe4 27. Qxa6 Qc7 28. Nb5
Qxb6 29. Qxb6 Rxb6 30. Rxe4 Ra8 31. Bb3 Nxc4 32. Bxc4 d5 33. Bxd5 exd5 34. Nc7
Nxc7 35. Bxc7 Rb7 36. Re7 Bf8 37. Rd7 Rc8 38. Rc1 Bxb4 1/2-1/2

[Event "Gibtelecom Masters 8th"]
[Site "Gibraltar"]
[Date "2010.01.31"]
[Round "6.89"]
[White "Kandic, Milan"]
[Black "Helin, Mikael"]
[Result "1-0"]
[WhiteElo "2216"]
[BlackElo "1972"]
[PlyCount "109"]
[EventDate "2010.01.26"]
[EventType "swiss"]
[EventRounds "10"]
[EventCountry "GGB"]
[SourceDate "2005.02.07"]

1. e4 c5 2. Nf3 Nc6 3. d4 cxd4 4. Nxd4 a6 5. Bc4 e6 6. O-O Qc7 7. Nxc6 dxc6 8Be3 b5 9. Bd3 e5 10. f4 Nf6 11. f5 h5 12. Kh1 Bb7 13. Bg5 Ng4 14. Be2 f6 15Bc1 Rd8 16. Qe1 Qf7 17. Qg3 Rd4 18. Bf3 Qc4 19. Nd2 Qxc2 20. Bxg4 hxg4 21. Qxg4
Rxd2 22. Qg6+ Ke7 23. Bxd2 Qxd2 24. Qg3 c5 25. a4 b4 26. Qb3 Qd6 27. Rad1 Qc6
28. Rd5 Ke8 29. Rfd1 Be7 30. Qg3 Qxa4 31. b3 Qb5 32. Qxg7 Rf8 33. Qg6+ Rf7 34Qg8+ Rf8 35. Qg6+ Rf7 36. Rd7 Bc8 37. R7d3 a5 38. Rh3 Bf8 39. Rh7 Qb7 40. Rxf7
Qxf7 41. Rd8+ Ke7 42. Rxc8 Qxg6 43. fxg6 a4 44. bxa4 f5 45. exf5 e4 46. Rxc5
Kf6 47. Rb5 e3 48. Kg1 Bd6 49. Kf1 Bxh2 50. Ke2 Bf4 51. Rxb4 Bh6 52. a5 Kxf5
53. a6 Bf8 54. a7 Bxb4 55. a8=Q 1-0

[Event "Gibtelecom Masters 8th"]
[Site "Gibraltar"]
[Date "2010.01.31"]
[Round "6.90"]
[White "Ashby, Anthony C"]
[Black "Zanetti, Bruno"]
[Result "0-1"]
[WhiteElo "2178"]
[BlackElo "1978"]
[PlyCount "52"]
[EventDate "2010.01.26"]
[EventType "swiss"]
[EventRounds "10"]
[EventCountry "GGB"]
[SourceDate "2005.02.07"]

1. e4 c5 2. d3 e6 3. f4 d5 4. e5 Nc6 5. Nf3 f5 6. Be2 b5 7. c3 a5 8. O-O Be7 9a4 b4 10. d4 c4 11. b3 Ba6 12. cxb4 axb4 13. bxc4 dxc4 14. Be3 Nh6 15. h3 O-16. Nbd2 Na5 17. Ng5 Qd7 18. Rf2 c3 19. Nb3 Nc4 20. Bc1 Rfd8 21. Qc2 Nf7 22Nf3 Nb6 23. a5 Bxe2 24. Rxe2 Nc4 25. Kh2 Qd5 26. Ra2 Ra6 0-1

[Event "Gibtelecom Masters 8th"]
[Site "Gibraltar"]
[Date "2010.01.31"]
[Round "6.91"]
[White "Green, Per"]
[Black "Bindrich, Oswald"]
[Result "0-1"]
[WhiteElo "1970"]
[BlackElo "2173"]
[PlyCount "110"]
[EventDate "2010.01.26"]
[EventType "swiss"]
[EventRounds "10"]
[EventCountry "GGB"]
[SourceDate "2005.02.07"]

1. Nf3 Nf6 2. c4 g6 3. Nc3 Bg7 4. e4 d6 5. d4 O-O 6. Be2 e5 7. O-O Nc6 8. d5
Ne7 9. b4 a5 10. Ba3 b6 11. bxa5 Nh5 12. Re1 f5 13. Nd2 Nf6 14. f3 Kh8 15. Qc1
Bh6 16. Bf1 fxe4 17. Ncxe4 Nf5 18. Qc3 Rxa5 19. Bb4 Ra4 20. Nxf6 Qxf6 21. Ne4
Qh4 22. g3 Qe7 23. Bg2 Nd4 24. a3 Bf5 25. Rad1 Qd7 26. Qd3 Raa8 27. Bd2 Bxd2
28. Rxd2 Qa4 29. Ra2 Nb3 30. Qc3 Bxe4 31. Rxe4 Nc5 32. Re3 Qd1+ 33. Qe1 Qd4 34Qc3 Ra4 35. Bf1 Rfa8 36. Be2 Kg8 37. Kf1 Kf7 38. Qc1 Kg7 39. Rc3 Rf8 40. Kg2
Nd7 41. Bd1 Ra5 42. Rd2 Qc5 43. Rb3 Rf7 44. Qc3 Nf6 45. Bc2 Ra4 46. Rb4 Ra8 47a4 Qa5 48. Re2 Kg8 49. Qb2 Qc5 50. Be4 Raf8 51. Bd3 Qa5 52. Qb3 Nd7 53. Rb5 Nc5
54. Qb1 Qc3 55. Re3 Qd2+ 0-1

[Event "Gibtelecom Masters 8th"]
[Site "Gibraltar"]
[Date "2010.01.31"]
[Round "6.92"]
[White "Lipecki, Alexander"]
[Black "Johnson, Paul A"]
[Result "1/2-1/2"]
[WhiteElo "2146"]
[BlackElo "1904"]
[PlyCount "143"]
[EventDate "2010.01.26"]
[EventType "swiss"]
[EventRounds "10"]
[EventCountry "GGB"]
[SourceDate "2005.02.07"]

1. e4 e5 2. Nf3 Nc6 3. Bc4 Nf6 4. d3 Bc5 5. Nc3 d6 6. Bg5 Bb4 7. Nd2 Bxc3 8bxc3 Be6 9. Rb1 Na5 10. Bb3 Nxb3 11. axb3 h6 12. Bh4 Qd7 13. Bxf6 gxf6 14. Qf3
Ke7 15. h3 h5 16. Nf1 Qc6 17. c4 f5 18. Qe2 f4 19. f3 Rhg8 20. c3 Qb6 21. Qf2
Qxf2+ 22. Kxf2 h4 23. d4 f5 24. d5 Bd7 25. Nd2 Rg7 26. Ra1 a6 27. b4 Rag8 28Rh2 fxe4 29. Nxe4 Bf5 30. Nd2 Bd3 31. Ra3 Kf6 32. c5 dxc5 33. bxc5 Kf5 34. Ra4
b5 35. cxb6 cxb6 36. Ne4 Rg6 37. c4 Bxe4 38. fxe4+ Kxe4 39. Rxa6 Kd4 40. Ra4
Rc8 41. Rh1 e4 42. c5+ Kxd5 43. Rd1+ Ke5 44. cxb6 Rc2+ 45. Kf1 Rxb6 46. Ra5+
Ke6 47. Rh5 Rbb2 48. Rh6+ Kf7 49. Rd7+ Ke8 50. Rhd6 Rc1+ 51. Rd1 Rxd1+ 52. Rxd1
Rb4 53. Rd6 e3 54. Rh6 Rb1+ 55. Ke2 Rb2+ 56. Kf1 Rf2+ 57. Kg1 Kf7 58. Ra6 f3
59. gxf3 Rxf3 60. Kg2 Rg3+ 61. Kh2 e2 62. Ra1 Kf6 63. Re1 Re3 64. Kg2 Kf5 65Kf2 Rxh3 66. Rxe2 Rg3 67. Re3 Rg6 68. Re1 h3 69. Rh1 Rh6 70. Kg3 h2 71. Rxh2
Rxh2 72. Kxh2 1/2-1/2

[Event "Gibtelecom Masters 8th"]
[Site "Gibraltar"]
[Date "2010.01.31"]
[Round "6.93"]
[White "Matto, Manuel"]
[Black "Hagen, Anders Gjerdrum"]
[Result "1-0"]
[WhiteElo "1824"]
[BlackElo "2108"]
[PlyCount "43"]
[EventDate "2010.01.26"]
[EventType "swiss"]
[EventRounds "10"]
[EventCountry "GGB"]
[SourceDate "2005.02.07"]

1. Nf3 d5 2. g3 Nf6 3. Bg2 Bf5 4. d3 e6 5. Nh4 Bg4 6. h3 Bh5 7. g4 Nfd7 8. Nf3
Bg6 9. Bf4 Be7 10. c3 c5 11. Na3 Nc6 12. Nb5 O-O 13. h4 h5 14. gxh5 Bxh5 15Bg3 Qb6 16. a4 a6 17. Bc7 axb5 18. Bxb6 Nxb6 19. axb5 Rxa1 20. Qxa1 Ra8 21. Qb1
Ra5 22. bxc6 1-0

[Event "Gibtelecom Masters 8th"]
[Site "Gibraltar"]
[Date "2010.01.31"]
[Round "6.95"]
[White "Rough, Robert E"]
[Black "Spanton, Tim R"]
[Result "0-1"]
[WhiteElo "1811"]
[BlackElo "2035"]
[PlyCount "58"]
[EventDate "2010.01.26"]
[EventType "swiss"]
[EventRounds "10"]
[EventCountry "GGB"]
[SourceDate "2005.02.07"]

1. d4 d5 2. Bf4 Nc6 3. e3 e6 4. Nf3 Bd6 5. Bxd6 cxd6 6. c3 Nf6 7. Nbd2 O-O 8Be2 e5 9. dxe5 dxe5 10. O-O Re8 11. Re1 e4 12. Nd4 Ne5 13. N2b3 Nfg4 14. g3 Qf6
15. Rf1 Qh6 16. h4 g5 17. Kg2 gxh4 18. Rh1 h3+ 19. Kf1 Qf6 20. Bxg4 Bxg4 21Qd2 Nc4 22. Qc1 a5 23. Nc2 Ra6 24. Nbd4 Qh6 25. Rh2 Rf6 26. b3 Ne5 27. Ne1 Qg5
28. Ne2 Bxe2+ 29. Kxe2 Ng4 0-1

[Event "Gibtelecom Masters 8th"]
[Site "Gibraltar"]
[Date "2010.01.31"]
[Round "6.96"]
[White "Gates, David A"]
[Black "Odeh, Kenneth"]
[Result "0-1"]
[WhiteElo "1738"]
[BlackElo "2012"]
[PlyCount "62"]
[EventDate "2010.01.26"]
[EventType "swiss"]
[EventRounds "10"]
[EventCountry "GGB"]
[SourceDate "2005.02.07"]

1. e4 c6 2. d4 d5 3. Nc3 dxe4 4. Nxe4 Bf5 5. Ng3 Bg6 6. h4 h6 7. h5 Bh7 8. Nf3
Nd7 9. Bf4 Qa5+ 10. Bd2 Qc7 11. Bc4 e6 12. O-O Ngf6 13. Re1 Bd6 14. Nh1 O-O-15. Nh4 Ne4 16. Be3 Nb6 17. Bb3 Nd5 18. c4 Nxe3 19. Rxe3 Bh2+ 20. Kf1 Bf4 21Rh3 Nd2+ 22. Kg1 Rxd4 23. Nf3 Rd3 24. Nxd2 Rxh3 25. gxh3 Rd8 26. Qg4 Rxd2 27Qxg7 Bh2+ 28. Kf1 Bd3+ 29. Ke1 Re2+ 30. Kd1 Qf4 31. Qc3 Qf3 0-1

[Event "Gibtelecom Masters 8th"]
[Site "Gibraltar"]
[Date "2010.01.31"]
[Round "6.97"]
[White "Perez Reisler, Jose"]
[Black "Kympergr, Vojtech"]
[Result "0-1"]
[WhiteElo "2001"]
[BlackElo "1599"]
[PlyCount "124"]
[EventDate "2010.01.26"]
[EventType "swiss"]
[EventRounds "10"]
[EventCountry "GGB"]
[SourceDate "2005.02.07"]

1. c4 Nf6 2. Nc3 g6 3. e4 d6 4. d4 Bg7 5. Nf3 Bg4 6. Be2 O-O 7. Be3 Nbd7 8. h3
Bxf3 9. Bxf3 c5 10. d5 Ne5 11. Be2 a6 12. O-O Qc8 13. Qc2 Ned7 14. a3 Nb6 15Rab1 Qd8 16. b4 Nfd7 17. Na4 Nxa4 18. Qxa4 b6 19. Rb3 a5 20. bxc5 Nxc5 21. Bxc5
dxc5 22. Qc6 Be5 23. Rxb6 Rc8 24. Qb5 Bc7 25. Rb7 Qd6 26. f4 Rb8 27. e5 Rxb7
28. Qxb7 Qb6 29. Rb1 Qxb7 30. Rxb7 Bd8 31. Rb5 f6 32. Rxc5 Bb6 33. Kh2 Bxc5 34a4 fxe5 35. fxe5 Rf2 36. Bf3 Ra2 37. Bd1 Bd4 38. Kg3 Bxe5+ 39. Kf3 Bd6 40. h4
Ra3+ 41. Ke4 Rg3 42. Bf3 Kg7 43. Kd4 Kf6 44. c5 Be5+ 45. Kc4 g5 46. hxg5+ Rxg5
47. Kb5 Bc7 48. Kc6 Bd8 49. Kd7 Rg8 50. c6 Bb6 51. c7 Bxc7 52. Kxc7 Ke5 53. Kb6
Kd6 54. Kxa5 Kc5 55. d6 exd6 56. Ka6 d5 57. Kb7 Rg7+ 58. Kb8 d4 59. Be4 Kb6 60Bd5 d3 61. Kc8 d2 62. Bf3 Rxg2 0-1

[Event "Gibtelecom Masters 8th"]
[Site "Gibraltar"]
[Date "2010.01.31"]
[Round "6.102"]
[White "Hansen, Erle Andrea Marki"]
[Black "Yarur Elsaca, Daniel"]
[Result "1-0"]
[WhiteElo "1699"]
[BlackElo "1815"]
[PlyCount "55"]
[EventDate "2010.01.26"]
[EventType "swiss"]
[EventRounds "10"]
[EventCountry "GGB"]
[SourceDate "2005.02.07"]

1. e4 e5 2. Nf3 d6 3. d4 exd4 4. Nxd4 g6 5. Nc3 Bg7 6. Be3 Nf6 7. Be2 O-O 8Qd2 Re8 9. f3 Nc6 10. O-O-O Nxd4 11. Bxd4 Be6 12. g4 a6 13. g5 Nd7 14. Bxg7
Kxg7 15. h4 Nb6 16. h5 Kg8 17. hxg6 fxg6 18. Rxh7 Kxh7 19. Rh1+ Bh3 20. Rxh3+
Kg8 21. Nd5 Nd7 22. f4 c5 23. Qc3 Rxe4 24. Rh8+ Kf7 25. Rh7+ Ke6 26. Qd3 Ne5
27. Qxe4 Qg8 28. Re7# 1-0

[Event "Gibtelecom Masters 8th"]
[Site "Gibraltar"]
[Date "2010.01.31"]
[Round "6.104"]
[White "Hirneise, Lothar"]
[Black "Carlsen, Ingrid Oen"]
[Result "1/2-1/2"]
[WhiteElo "1707"]
[BlackElo "1508"]
[PlyCount "115"]
[EventDate "2010.01.26"]
[EventType "swiss"]
[EventRounds "10"]
[EventCountry "GGB"]
[SourceDate "2005.02.07"]

1. d4 Nf6 2. c4 g6 3. Nc3 Bg7 4. e4 d6 5. Nf3 O-O 6. Be2 e5 7. O-O Nc6 8. d5
Ne7 9. Ne1 Nd7 10. f3 f5 11. g4 Kh8 12. h3 f4 13. Bd2 h5 14. Nd3 Ng8 15. b4 b6
16. Kh2 Ngf6 17. a4 a5 18. bxa5 Rxa5 19. Nb5 Ra8 20. Ra3 hxg4 21. fxg4 Nxe4 22Bf3 Ng5 23. Qe2 Nxf3+ 24. Qxf3 Nf6 25. Nf2 Bd7 26. Rfa1 Nh7 27. Ne4 Bxb5 28cxb5 Ng5 29. Nxg5 Qxg5 30. Qe4 Qf6 31. Rf3 Bh6 32. Bc3 Bg5 33. Qc4 Qf7 34. a5
Bh4 35. a6 Bg3+ 36. Kg2 Kg7 37. Raf1 Qe7 38. Bb2 Rh8 39. Rc1 Rhc8 40. Rfc3 Ra7
41. Qe4 Qh4 42. Qe2 Qe7 43. Ba3 Qf7 44. Qc4 Qd7 45. Qd3 Bh4 46. Rc6 Be7 47. Qc4
Kf7 48. Bb4 Kg7 49. Be1 Bd8 50. Bf2 Rb8 51. Qe4 Qe7 52. R1c4 Qf7 53. Be1 Qe7
54. Qc2 Qf7 55. Qd3 Qe7 56. Bb4 Qd7 57. Qa3 Qf7 58. Qd3 1/2-1/2

[Event "Gibtelecom Masters 8th"]
[Site "Gibraltar"]
[Date "2010.02.01"]
[Round "7.1"]
[White "Adams, Michael"]
[Black "Zhukova, Natalia"]
[Result "1/2-1/2"]
[WhiteElo "2694"]
[BlackElo "2462"]
[PlyCount "103"]
[EventDate "2010.01.26"]
[EventType "swiss"]
[EventRounds "10"]
[EventCountry "GGB"]
[SourceDate "2005.02.07"]

1. e4 Nf6 2. e5 Nd5 3. d4 d6 4. Nf3 g6 5. Bc4 Nb6 6. Bb3 Bg7 7. Qe2 O-O 8. h3
Nc6 9. O-O Na5 10. Nc3 Nxb3 11. axb3 Bf5 12. Ne4 Qd7 13. Ng3 a6 14. Re1 h6 15Nh4 e6 16. Ne4 Bxe4 17. Qxe4 dxe5 18. dxe5 Qd5 19. Qe2 Qb5 20. Qe4 Qd5 21. Qg4
Qc6 22. c3 Nd7 23. Nf3 Nc5 24. Qh4 Nd3 25. Bxh6 Nxe1 26. Rxe1 f6 27. exf6 Rxf6
28. Ne5 Qe8 29. Ng4 Rf5 30. Bxg7 Kxg7 31. Qh6+ Kg8 32. Re5 Qf7 33. Qh4 g5 34Qh6 Re8 35. Rxf5 Qxf5 36. Qh5 Kf8 37. Qh8+ Ke7 38. Qd4 Rd8 39. Qb4+ Ke8 40Qxb7 Rd1+ 41. Kh2 Qf4+ 42. g3 Qd6 43. c4 Rb1 44. Qe4 Qd1 45. Qxe6+ Kd8 46. Qf6+
Kc8 47. Qxa6+ Kb8 48. Qb5+ Ka7 49. Qa4+ Kb8 50. Qb5+ Ka7 51. Qc5+ Kb8 52. Qb5+
1/2-1/2

[Event "Gibtelecom Masters 8th"]
[Site "Gibraltar"]
[Date "2010.02.01"]
[Round "7.2"]
[White "Sandipan, Chanda"]
[Black "Gustafsson, Jan"]
[Result "1/2-1/2"]
[WhiteElo "2622"]
[BlackElo "2627"]
[PlyCount "60"]
[EventDate "2010.01.26"]
[EventType "swiss"]
[EventRounds "10"]
[EventCountry "GGB"]
[SourceDate "2005.02.07"]

1. d4 d5 2. c4 c6 3. Nf3 Nf6 4. Nc3 e6 5. Bg5 h6 6. Bxf6 Qxf6 7. Qb3 dxc4 8Qxc4 Nd7 9. O-O-O g6 10. e4 e5 11. dxe5 Nxe5 12. Qd4 Bg7 13. Qxe5+ Qxe5 14Nxe5 Bxe5 15. Bc4 Ke7 16. Rhf1 g5 17. Ne2 Be6 18. Bxe6 fxe6 19. f4 gxf4 20Nxf4 Bxf4+ 21. Rxf4 Raf8 22. Rdf1 Rxf4 23. Rxf4 Rg8 24. g3 Rg5 25. Kd2 Rh5 26Rf2 Ra5 27. a3 Rb5 28. Ke3 a5 29. Kd4 e5+ 30. Kc3 a4 1/2-1/2

[Event "Gibtelecom Masters 8th"]
[Site "Gibraltar"]
[Date "2010.02.01"]
[Round "7.4"]
[White "Movsesian, Sergei"]
[Black "Bhat, Vinay S"]
[Result "1-0"]
[WhiteElo "2708"]
[BlackElo "2540"]
[PlyCount "45"]
[EventDate "2010.01.26"]
[EventType "swiss"]
[EventRounds "10"]
[EventCountry "GGB"]
[SourceDate "2005.02.07"]

1. g3 d5 2. Bg2 Nf6 3. d3 Bf5 4. c4 c6 5. Qb3 Qc8 6. cxd5 cxd5 7. Nc3 e6 8. e4
Bg6 9. exd5 Nbd7 10. Be3 e5 11. Rc1 Ng4 12. Bh3 Nxe3 13. fxe3 Qc7 14. Qa4 Rd8
15. Kd2 a6 16. Ne4 Qb8 17. Nf3 Be7 18. d6 b5 19. Qxa6 Bxe4 20. Bxd7+ Rxd7 21Rc8+ Qxc8 22. Qxc8+ Rd8 23. d7+ 1-0

[Event "Gibtelecom Masters 8th"]
[Site "Gibraltar"]
[Date "2010.02.01"]
[Round "7.5"]
[White "Malakhatko, Vadim"]
[Black "Vallejo Pons, Francisco"]
[Result "0-1"]
[WhiteElo "2549"]
[BlackElo "2705"]
[PlyCount "54"]
[EventDate "2010.01.26"]
[EventType "swiss"]
[EventRounds "10"]
[EventCountry "GGB"]
[SourceDate "2005.02.07"]

1. d4 Nf6 2. c4 e6 3. Nf3 c5 4. d5 b5 5. dxe6 fxe6 6. cxb5 d5 7. Nc3 Nbd7 8. e4
d4 9. e5 Ng4 10. Ng5 Ndxe5 11. Nce4 h6 12. Nf3 Qd5 13. Nfd2 Bb7 14. h3 Nf6 15Nxf6+ gxf6 16. f4 Nd3+ 17. Bxd3 Qxg2 18. Qh5+ Kd7 19. Kd1 Qxh1+ 20. Kc2 Be7 21b3 Rhg8 22. Bb2 Qd5 23. f5 e5 24. Bc4 Qg2 25. Re1 Kd8 26. Qf7 Rg7 27. Qe6 Bc8
0-1

[Event "Gibtelecom Masters 8th"]
[Site "Gibraltar"]
[Date "2010.02.01"]
[Round "7.6"]
[White "Stefanova, Antoaneta"]
[Black "Kamsky, Gata"]
[Result "0-1"]
[WhiteElo "2545"]
[BlackElo "2693"]
[PlyCount "76"]
[EventDate "2010.01.26"]
[EventType "swiss"]
[EventRounds "10"]
[EventCountry "GGB"]
[SourceDate "2005.02.07"]

1. d4 Nf6 2. c4 e6 3. g3 d5 4. Bg2 g6 5. Nf3 Bg7 6. Qc2 O-O 7. Bf4 Nc6 8. O-dxc4 9. Qxc4 Nd5 10. Bg5 Qd6 11. Rd1 h6 12. Bc1 Rd8 13. Nc3 g5 14. e3 Qb4 15Qe2 Bd7 16. h4 gxh4 17. Nxh4 Nxc3 18. bxc3 Qxc3 19. Rb1 Na5 20. Qh5 Qc2 21. Rb2
Qa4 22. e4 Be8 23. Bf4 Nc6 24. Rbd2 f5 25. Qe2 Nxd4 26. Qe3 e5 27. Bxe5 Bxe5
28. exf5 Bg7 29. Be4 Rd6 30. f6 Bxf6 31. Qxh6 Qd7 32. Kg2 Qg7 33. Qe3 Rad8 34Rh1 Bg5 35. f4 Bxf4 36. Qxf4 Ne6 37. Bh7+ Qxh7 38. Qg4+ Qg7 0-1

[Event "Gibtelecom Masters 8th"]
[Site "Gibraltar"]
[Date "2010.02.01"]
[Round "7.7"]
[White "Fressinet, Laurent"]
[Black "Cramling, Pia"]
[Result "1-0"]
[WhiteElo "2670"]
[BlackElo "2528"]
[PlyCount "53"]
[EventDate "2010.01.26"]
[EventType "swiss"]
[EventRounds "10"]
[EventCountry "GGB"]
[SourceDate "2005.02.07"]

1. d4 Nf6 2. Nf3 e6 3. c4 b6 4. g3 Bb7 5. Bg2 Be7 6. Nc3 Ne4 7. Bd2 f5 8. d5
Bf6 9. Qc2 Qe7 10. O-O Na6 11. Rad1 Nd6 12. b3 O-O 13. Be3 c5 14. dxc6 dxc6 15c5 Nf7 16. cxb6 Nb4 17. Qc1 axb6 18. Bxb6 Rfc8 19. Na4 c5 20. Bxc5 Qe8 21. Qd2
Nxa2 22. Bd4 e5 23. Ba1 Rxa4 24. bxa4 Qxa4 25. Qd7 Qxd7 26. Rxd7 Bxf3 27. Bxe5
1-0

[Event "Gibtelecom Masters 8th"]
[Site "Gibraltar"]
[Date "2010.02.01"]
[Round "7.8"]
[White "Naumann, Alexander"]
[Black "Cheparinov, Ivan"]
[Result "1/2-1/2"]
[WhiteElo "2525"]
[BlackElo "2660"]
[PlyCount "135"]
[EventDate "2010.01.26"]
[EventType "swiss"]
[EventRounds "10"]
[EventCountry "GGB"]
[SourceDate "2005.02.07"]

1. d4 d5 2. c4 c6 3. Nf3 Nf6 4. e3 Bf5 5. Nc3 e6 6. Nh4 Bg6 7. Be2 Nbd7 8. O-Ne4 9. Nxg6 hxg6 10. cxd5 Qh4 11. h3 Ng5 12. Bf3 cxd5 13. e4 Nxf3+ 14. Qxf3
dxe4 15. Nxe4 Qh5 16. Qg3 Be7 17. Bg5 Bxg5 18. Nxg5 O-O 19. Rac1 Rac8 20. Qf4
Rxc1 21. Rxc1 Nf6 22. f3 Nd5 23. Qg3 Re8 24. Re1 Qh6 25. Qe5 f6 26. Qxd5 Qxg5
27. Qxg5 fxg5 28. Re5 Kf7 29. Rxg5 Rd8 30. Rc5 Rxd4 31. Rc7+ Kf6 32. Rxb7 a5
33. a3 a4 34. Kh2 g5 35. b3 Rd3 36. bxa4 Rxa3 37. Rb4 Ra2 38. Kg1 Ra1+ 39. Kf2
Ra2+ 40. Kg3 Ra3 41. Rg4 Ra2 42. Kh2 Ra1 43. Kg3 Ra2 44. h4 gxh4+ 45. Kxh4 Ra1
46. Rf4+ Kg6 47. Kg4 Ra2 48. Kg3 Kg5 49. Rf7 Rxa4 50. Rxg7+ Kf5 51. Rg8 Kf6 52Kh3 Rb4 53. g3 Ra4 54. f4 e5 55. fxe5+ Kxe5 56. Rf8 Ke6 57. g4 Ke7 58. Rf5 Ra8
59. Kh4 Rh8+ 60. Kg5 Rg8+ 61. Kf4 Rf8 62. Rxf8 Kxf8 63. Kf5 Kf7 64. g5 Kg7 65g6 Kg8 66. Kf6 Kf8 67. g7+ Kg8 68. Kg6 1/2-1/2